BASIC METHODS OF MEDICAL RESEARCH (Record no. 16901)

MARC details
000 -LEADER
fixed length control field 00334nam a22001457a 4500
003 - CONTROL NUMBER IDENTIFIER
control field SGT
020 ## - INTERNATIONAL STANDARD BOOK NUMBER
International Standard Book Number 978-81-7473-335-1
082 ## - DEWEY DECIMAL CLASSIFICATION NUMBER
Classification number 610.01
Item number B18I
100 ## - MAIN ENTRY--PERSONAL NAME
Personal name INDRAYAN, ABHAYA
245 ## - TITLE STATEMENT
Title BASIC METHODS OF MEDICAL RESEARCH
260 ## - PUBLICATION, DISTRIBUTION, ETC. (IMPRINT)
Place of publication, distribution, etc NEW DELHI
Name of publisher, distributor, etc AITBS
Year of Publication 2018
300 ## - PAGE DESCRIPTION
No. of Pages 2018
650 ## - SUBJECT ADDED ENTRY--TOPICAL TERM
Topical term or geographic name as entry element AYURVEDA PUB
942 ## - ADDED ENTRY ELEMENTS (KOHA)
Source of classification or shelving scheme Dewey Decimal Classification
Koha item type Books
942 ## - ADDED ENTRY ELEMENTS (KOHA)
-- 32
Holdings
Withdrawn status Lost status Source of classification or shelving scheme Damaged status Use restrictions Not for loan Collection code Home library Current library Shelving location Date acquired Vendor Name Cost, normal purchase price SGTU Bill Number Full call number Accession No. (Barcode) Date last seen Bill Date Koha item type Total Checkouts Date last borrowed
    Dewey Decimal Classification   Restricted Access   AYURVEDA SGT FA-FP Library SGT FA-FP Library Reference Book 14/02/2019 AHUJA PUB 499.00 SGTU 10602 610.01 B18I FA10036 14/02/2019 31/01/2019 Books    
    Dewey Decimal Classification       AYURVEDA SGT FA-FP Library SGT FA-FP Library Text Book 14/02/2019 AHUJA PUB 499.00 SGTU 10602 610.01 B18I FA10037 27/09/2024 31/01/2019 Books 9 17/09/2024
    Dewey Decimal Classification       AYURVEDA SGT FA-FP Library SGT FA-FP Library Text Book 14/02/2019 AHUJA PUB 499.00 SGTU 10602 610.01 B18I FA10038 20/09/2024 31/01/2019 Books 9 19/09/2024
    Dewey Decimal Classification       AYURVEDA SGT FA-FP Library SGT FA-FP Library Text Book 14/02/2019 AHUJA PUB 499.00 SGTU 10602 610.01 B18I FA10039 20/03/2025 31/01/2019 Books 8 17/03/2025
    Dewey Decimal Classification       AYURVEDA SGT FA-FP Library SGT FA-FP Library Text Book 14/02/2019 AHUJA PUB 499.00 SGTU 10602 610.01 B18I FA10040 25/09/2024 31/01/2019 Books 9 18/09/2024